UM Logo

Human resource information system / (Record no. 24023)

MARC details
000 -LEADER
fixed length control field 00970nam a2200241 4500
005 - DATE AND TIME OF LATEST TRANSACTION
control field 20251008104725.0
008 - FIXED-LENGTH DATA ELEMENTS--GENERAL INFORMATION
fixed length control field 251008b |||||||| |||| 00| 0 eng d
020 ## - INTERNATIONAL STANDARD BOOK NUMBER
International Standard Book Number 9786214271559
082 ## - DEWEY DECIMAL CLASSIFICATION NUMBER
Classification number DFil 658.300285 B220 2023
100 ## - MAIN ENTRY--PERSONAL NAME
Personal name Banaag, Francis B.
9 (RLIN) 68682
245 ## - TITLE STATEMENT
Title Human resource information system /
Statement of responsibility, etc. Francis B. Banaag [and four others].
260 ## - PUBLICATION, DISTRIBUTION, ETC. (IMPRINT)
Place of publication, distribution, etc. Manila :
Name of publisher, distributor, etc. Unlimited Books Library Services & Publishing Inc.,
Date of publication, distribution, etc. ©2023.
300 ## - PHYSICAL DESCRIPTION
Extent x, 165 pages :
Other physical details illustrations ;
Dimensions 22 cm.
500 ## - GENERAL NOTE
General note Includes references.
650 #0 - SUBJECT ADDED ENTRY--TOPICAL TERM
Topical term or geographic name as entry element Personnel management
General subdivision Data processing.
9 (RLIN) 68683
650 #0 - SUBJECT ADDED ENTRY--TOPICAL TERM
Topical term or geographic name as entry element Personnel management
General subdivision Technological innovations.
9 (RLIN) 68684
650 #0 - SUBJECT ADDED ENTRY--TOPICAL TERM
Topical term or geographic name as entry element Management information systems.
9 (RLIN) 68685
700 ## - ADDED ENTRY--PERSONAL NAME
Personal name De la Cruz, Michael L.,
Relator term author.
9 (RLIN) 68686
700 ## - ADDED ENTRY--PERSONAL NAME
Personal name Ducut, Rodolfo L.,
Relator term author.
9 (RLIN) 68687
700 ## - ADDED ENTRY--PERSONAL NAME
Personal name Gunda, Maria Belen R.,
Relator term author.
9 (RLIN) 68688
700 ## - ADDED ENTRY--PERSONAL NAME
Personal name Montoya, Rome Sherriff G.,
Relator term author.
9 (RLIN) 68689
942 ## - ADDED ENTRY ELEMENTS (KOHA)
Source of classification or shelving scheme Dewey Decimal Classification
Koha item type Filipiniana
Holdings
Withdrawn status Lost status Source of classification or shelving scheme Damaged status Not for loan Collection code Home library Current library Date acquired Source of acquisition Cost, normal purchase price Total Checkouts Full call number Barcode Date last seen Price effective from Koha item type
    Dewey Decimal Classification     Filipiniana UM Digos College - LIC UM Digos College - LIC 08/11/2025 Purchased 795.00   DFil 658.300285 B220 2023 29061 10/08/2025 10/08/2025 Filipiniana